[Event "CZE-chT2B 1011"]
[Site "Czech Republic"]
[Date "2011.01.23"]
[Round "6.8"]
[White "Huttner, Milos"]
[Black "Vavra, Karel"]
[Result "1-0"]
[WhiteElo "2048"]
[BlackElo "1828"]
[PlyCount "159"]
[EventDate "2010.10.17"]
[EventType "team-tourn"]
[EventRounds "11"]
[EventCountry "CZE"]
[SourceTitle "EXT 2012"]
[Source "ChessBase"]
[SourceDate "2011.11.24"]
[SourceVersion "1"]
[SourceVersionDate "2011.11.24"]
[SourceQuality "1"]
[WhiteTeam "Karlovy Vary"]
[BlackTeam "Podborany"]
[WhiteTeamCountry "CZE"]
[BlackTeamCountry "CZE"]

1. e4 c5 2. Nf3 Nc6 3. d4 cxd4 4. Nxd4 Nf6 5. Nc3 a6 6. Be3 e5 7. Nde2 Bb4 8. a3 Be7 9. f3 b5 10. g4 h6 11. Qd2 b4 12. Nd5 Rb8 13. a4 Nxd5 14. exd5 Bh4+ 15. Ng3 Ne7 16. Bc4 d6 17. a5 Bb7 18. 0-0 Qc8 19. Ne4 Qd7 20. Bb3 0-0 21. Ba4 Qc7 22. Bb6 Qc4 23. Bb3 Qb5 24. Nxd6 Qd7 25. Nxb7 Qxb7 26. Rad1 Nc8 27. Bc5 Be7 28. Bxe7 Nxe7 29. Qe3 Ng6 30. Rd2 Qd7 31. Qe4 Rbd8 32. Qxb4 f5 33. gxf5 Rxf5 34. Rg2 Nf4 35. Rg4 h5 36. d6+ Kh8 37. Rh4 Qe8 38. Kh1 Qg6 39. Qd2 Rg5 40. Rxf4 exf4 41. Qxf4 Rxd6 42. Bc4 Qf6 43. Qe4 Rd8 44. Bd3 g6 45. f4 Rxa5 46. Qxg6 Qxg6 47. Bxg6 Kg7 48. Bd3 Rc5 49. Kg2 a5 50. b3 Kf6 51. Kf3 Rd6 52. Rg1 Rxd3+ 53. cxd3 Rc3 54. Ke4 Rxb3 55. Rg5 a4 56. Rxh5 a3 57. Rh6+ Kg7 58. Ra6 Rb2 59. Rxa3 Rxh2 60. d4 Kf6 61. Ra6+ Ke7 62. Ke5 Re2+ 63. Kf5 Rd2 64. Ra7+ Kd6 65. Kf6 Rxd4 66. f5 Rf4 67. Kg6 Rg4+ 68. Kf7 Rf4 69. f6 Rh4 70. Kg7 Rg4+ 71. Kf8 Rh4 72. f7 Rg4 73. Ra2 Rg1 74. Rd2+ Kc7 75. Rd4 Rg2 76. Ke7 Re2+ 77. Kf6 Rf2+ 78. Ke6 Rf1 79. Rd5 Kc6 80. Rf5 1-0